MARC details
| 000 -LEADER |
| fixed length control field |
00971 a2200289 4500 |
| 001 - CONTROL NUMBER |
| control field |
200130000 |
| 003 - CONTROL NUMBER IDENTIFIER |
| control field |
TR-AnTOB |
| 005 - DATE AND TIME OF LATEST TRANSACTION |
| control field |
20260120165059.0 |
| 008 - FIXED-LENGTH DATA ELEMENTS--GENERAL INFORMATION |
| fixed length control field |
130712m19902011nyu 001 0 |
| 020 ## - INTERNATIONAL STANDARD BOOK NUMBER |
| International Standard Book Number |
0521394163 |
|
| International Standard Book Number |
0521397340 (pbk.) |
| 040 ## - CATALOGING SOURCE |
| Original cataloging agency |
DLC |
| Transcribing agency |
DLC |
| Modifying agency |
DLC |
| Language of cataloging |
eng |
| Description conventions |
rda |
| 041 ## - LANGUAGE CODE |
| Language code of text/sound track or separate title |
İngilizce |
| 050 00 - LIBRARY OF CONGRESS CALL NUMBER |
| Classification number |
HB99.5 |
| Item number |
.N67 2011 |
| 090 ## - LOCALLY ASSIGNED LC-TYPE CALL NUMBER (OCLC); LOCAL CALL NUMBER (RLIN) |
| Classification number (OCLC) (R) ; Classification number, CALL (RLIN) (NR) |
HB99.5 .N67 2011 |
| 100 1# - MAIN ENTRY--PERSONAL NAME |
| Personal name |
North, Douglass C. |
| Fuller form of name |
(Douglass Cecil) |
| 9 (RLIN) |
91478 |
| 245 10 - TITLE STATEMENT |
| Title |
Institutions, institutional change, and economic performance / |
| Statement of responsibility, etc. |
Douglass C. North. |
| 264 #1 - PRODUCTION, PUBLICATION, DISTRIBUTION, MANUFACTURE, AND COPYRIGHT NOTICE |
| Place of production, publication, distribution, manufacture |
Cambridge ; |
| -- |
New York : |
| Name of producer, publisher, distributor, manufacturer |
Cambridge University Press, |
| Date of production, publication, distribution, manufacture, or copyright notice |
2011 |
| 300 ## - PHYSICAL DESCRIPTION |
| Extent |
viii, 152 p. ; |
| Dimensions |
24 cm. |
| 490 0# - SERIES STATEMENT |
| Series statement |
The Political economy of institutions and decisions |
| 505 ## - FORMATTED CONTENTS NOTE |
| Formatted contents note |
I.Institutions -- II.Institutional change -- III.Economic performance. |
| 650 #0 - SUBJECT ADDED ENTRY--TOPICAL TERM |
| Topical term or geographic name entry element |
Economic development |
| 9 (RLIN) |
1528 |
|
| Topical term or geographic name entry element |
Organizational change |
| 9 (RLIN) |
297 |
|
| Topical term or geographic name entry element |
Institutional economics |
| 9 (RLIN) |
12176 |
| 942 ## - ADDED ENTRY ELEMENTS (KOHA) |
| Koha item type |
Book |
| Source of classification or shelving scheme |
Library of Congress Classification |